Score 0/20 Timer 03:00
0 Plays Today
Hint Answer % Correct
Backstreet BoysHeart
95.9%
Pat BenatarBest
94.1%
BlondieWay
87.5%
The Beach BoysGet
86.3%
Backstreet BoysWant
85.4%
The Beach BoysVibrations
81.2%
Pat BenatarAll
80.4%
The Beach BoysSurfin'
80.3%
Backstreet BoysBeing
80.2%
Pat BenatarWe
77.6%
Hint Answer % Correct
BlondieLost
76.9%
The Beach BoysGirls
76.5%
Pat BenatarIce
76%
Backstreet BoysGames
75.4%
The Beach BoysRhonda
71.6%
Pat BenatarBattlefield
70.8%
Backstreet BoysBack
67.6%
BlondieGlass
64.2%
BlondieTide
61.2%
BlondieCall
48.4%

Today's Daily Dose

Remove Ads.
Support Sporcle.
Get the best of Sporcle when you Go Orange. This ad-free experience offers more features, more stats, and more fun while also helping to support Sporcle. Thank you for becoming a member.

You're not logged in!

Compare scores with friends on all Sporcle quizzes.
OR
Log In

Show Comments

Extras

Top Quizzes Today


Score Distribution

Your Account Isn't Verified!

In order to create a playlist on Sporcle, you need to verify the email address you used during registration. Go to your Sporcle Settings to finish the process.

Report this User

Report this user for behavior that violates our Community Guidelines.

Details: